00871nam0a22002171 4500001001100000005001700011021001900028035002600047100004100073101000800114102000700122105001800129200028200147210005300429215002200482702005700504702003300561801001800594801002200612852001900634rc\496075120250612214321.0 aRUb[64-43105] a(NLR Aleph) 008862292 a20130426d1964 |||y0rusy50 ca0 arus aRU aa z |||||1 aРасскажи мне что-нибудьeПесенки, сказочки, загадки народов Дагестана в переводе Н. Гребневаe[Для дошкольного и мл. школьного возрастаfИл.: А. Эмирбеков] aМахачкалаcДагучпедгизd1964 a84 с.cил.d21 1aГребневbН.И.gНаум Исаевич4730 1aЭмирбековbА.4440 0aRUbNLRgpsbo 1aRUbELAR2rusmarc aNLRj64-6/6007